Barrios de Montevideo,Uruguay - Estadísticas

Estadísticas generales
  • Esta prueba ha sido intentada 63 veces
  • La puntuación promedio es 33 de 76
Estadísticas de respuestas
Barrio % Correcto
Carrasco
93%
Pocitos
93%
Cerro
91%
Ciudad Vieja
91%
Malvin
91%
Centro
84%
Punta Carretas
84%
Malvin Norte
81%
Parque Rodo
81%
La Blanqueada
79%
Buceo
74%
Cordon
74%
Prado
72%
La Teja
70%
Penarol
70%
Aguada
67%
Barrio Sur
65%
Colon
65%
Nuevo Paris
60%
Palermo
60%
Punta Gorda
60%
Sayago
60%
Tres Cruces
60%
Villa Española
60%
Carrasco Norte
58%
Parque Batlle
58%
Belvedere
56%
Casabo
56%
Maroñas
56%
Paso Molino
53%
Paso de la Arena
51%
Cerro Norte
49%
Goes
49%
Manga
49%
Flor de Maroñas
47%
La Union
47%
Piedras Blancas
47%
Cerrito de la Victoria
44%
Jacinto Vera
44%
La Comercial
42%
Punta de Rieles
42%
Brazo Oriental
40%
Capurro
40%
Marconi
40%
Reducto
35%
Atahualpa
30%
Conciliacion
30%
La Paloma
30%
Lezica
30%
La Mondiola
28%
Aires Puros
26%
Bella Vista
26%
Larrañaga
23%
Perez Castellanos
23%
Ituzaingo
21%
La Figurita
21%
Lavalleja
21%
Bella Italia
19%
Paso de las Duranas
19%
Santa Catalina
19%
Villa Muñoz
19%
Las Acacias
16%
Tres Ombues
16%
Villa Dolores
16%
Arroyo Seco
14%
Bolivar
14%
Jardines del Hipodromo
14%
Parque Guarani
14%
Placido Ellauri
14%
La Cruz de Carrasco
12%
La Chancha
7%
Nueva España
7%
El Tobogan
2%
Las Retamas
2%
Los Bulevares
2%
Casvalle
0%
No se encontraron pruebas coincidentes
Distribución de puntuación
Porcentaje de gente con cada puntuación
Porcentaje por número respondido
Historial de tus puntuaciones
No has intentado esta prueba.